书目信息 |
| 题名: |
生物
|
|
| 作者: | ;北京市东城区教育局教研室 编 | |
| 分册: | ||
| 出版信息: | 北京 人民交出版社 1982.02 |
|
| 页数: | 234页 | |
| 开本: | 19cm | |
| 丛书名: | 高考复习指导丛书 | |
| 单 册: | ||
| 中图分类: | G633.91 | |
| 科图分类: | ||
| 主题词: | 教育--各级 | |
| 电子资源: | ||
| ISBN: | ||
| 000 | 00671nam0 2200229 45 | |
| 001 | 0405061078 | |
| 005 | 20040506103436.3 | |
| 010 | @dCNY0.62 | |
| 091 | @a15044.8055 | |
| 100 | @a20040506d1982 km y0chiy0120 ea | |
| 101 | 0 | @achi |
| 105 | @a z 000yy | |
| 200 | 1 | @a生物@ASheng Wu@f北京市东城区教育局教研室编@FBei Jing Shi Dong Cheng Qu Jiao Yu Ju Jiao Yan Shi Bian |
| 210 | @a北京@c人民交出版社@d1982.02 | |
| 215 | @a234页@d19cm | |
| 225 | @a高考复习指导丛书 | |
| 410 | @12001 @a高考复习指导丛书 | |
| 606 | 0 | @a教育@x各级 |
| 690 | @aG633.91@v3 | |
| 711 | 02 | @a北京市东城区教育局教研室@4编 |
| 801 | @aCN@bPftUser@c20040506 | |
| 905 | @f2@b61174-175@dG633.91@e1 | |
| 生物/北京市东城区教育局教研室编.-北京:人民交出版社,1982.02 |
| 234页;19cm.-(高考复习指导丛书) |
| ISBN :CNY0.62 |
| ● |
| 相关链接 |
|
|
|
|
正题名:生物
索取号:G633.91/1
 
预约/预借
| 序号 | 登录号 | 条形码 | 馆藏地/架位号 | 状态 | 备注 |
| 1 | 0061174 | 000256528 | 第一样本阅览室/ [索取号:G633.91/1] | 在馆 | |
| 2 | 0061175 | 000256519 | 密集书库/ [索取号:G633.91/1] | 在馆 |